Catálogo público

Revisión bibliográfica sobre los glucosinolatos de colza (Brassica napus L.) / (Record no. 169125)

MARC details
000 -CABECERA
campo de control de longitud fija 00799nam a2200277Ia 4500
001 - NÚMERO DE CONTROL
campo de control Z_5917
003 - IDENTIFICADOR DEL NÚMERO DE CONTROL
campo de control CHAP
008 - DATOS DE LONGITUD FIJA--INFORMACIÓN GENERAL
campo de control de longitud fija 220113s9999 xx 000 0 und d
010 ## - NÚMERO DE CONTROL DE LA BIBLIOTECA DEL CONGRESO
Número de control de LC 169125
040 ## - FUENTE DE LA CATALOGACIÓN
Centro/agencia transcriptor CHAP
090 ## - LOCALMENTE ASIGNADO TIPO-LC NÚMERO DE CLASIFICACIÓN (OCLC); NÚMERO DE CLASIFICACIÓN LOCAL (RLIN)
Número de clasificación (OCLC) (R) ; Numero de clasificación, CALL (RLIN) (NR) Tesis O 2171
100 ## - ENTRADA PRINCIPAL--NOMBRE DE PERSONA
Nombre de persona Olaya Fernández,Ernesto
9 (RLIN) 82969
245 ## - MENCIÓN DE TÍTULO
Título Revisión bibliográfica sobre los glucosinolatos de colza (Brassica napus L.) /
Mención de responsabilidad, etc. por Ernesto Olaya Fernández
260 ## - PUBLICACIÓN, DISTRIBUCIÓN, ETC.
Lugar de publicación, distribución, etc. Chapingo,Méx. :
Nombre del editor, distribuidor, etc. El autor.2010,
Fecha de publicación, distribución, etc.
300 ## - DESCRIPCIÓN FÍSICA
Extensión 50 h.
502 ## - NOTA DE TESIS
Nota de tesis Tesis (Ing.Agro.Esp.en Zootecnia).--UACH.Departamento de Zootecnia
650 ## - PUNTO DE ACCESO ADICIONAL DE MATERIA--TÉRMINO DE MATERIA
Término de materia o nombre geográfico como elemento de entrada Colza (Brassica napus)
9 (RLIN) 143463
650 ## - PUNTO DE ACCESO ADICIONAL DE MATERIA--TÉRMINO DE MATERIA
Término de materia o nombre geográfico como elemento de entrada Glucosinolatos
9 (RLIN) 143464
650 ## - PUNTO DE ACCESO ADICIONAL DE MATERIA--TÉRMINO DE MATERIA
Término de materia o nombre geográfico como elemento de entrada Oleaginosas
9 (RLIN) 143465
901 ## - ELEMENTOS DE DATOS A LOCAL LDA (RLIN)
a TESIS O 2171
902 ## - ELEMENTOS DE DATOS B LOCAL, LDB (RLIN)
a M
910 ## - DATOS DE OPCIÓN DEL USUARIO (OCLC)
Datos de opción del usuario
942 ## - ELEMENTOS DE PUNTO DE ACCESO ADICIONAL (KOHA)
Tipo de ítem Koha Tesis_
942 ## - ELEMENTOS DE PUNTO DE ACCESO ADICIONAL (KOHA)
Tipo de ítem Koha Tesis_
Holdings
Estado de retiro Estado de pérdida Estado dañado No para préstamo Localización permanente Ubicación/localización actual Ubicación en estantería Fecha de adquisición Información codificada de la localización en otra ubicación Total de préstamos Código de barras Fecha visto por última vez Número de copia Precio válido a partir de Tipo de ítem Koha Nota pública
        Zootecnia Zootecnia   26/05/2010 2   z_T 3768 18/01/2022 1 18/01/2022 Tesis_ 3
        Zootecnia Zootecnia   26/05/2010 2   z_T 3769 18/01/2022 2 18/01/2022 Tesis_ 3